| 000 | 00672nam a22001937a 4500 | ||
|---|---|---|---|
| 008 | 131030b xxu||||| |||| 00| 0 alb d | ||
| 020 | _a9789989172410 | ||
| 041 | 0 | _aalb | |
| 080 | _a316.485.6 | ||
| 100 | 1 | _aLatifi, Veton | |
| 245 | 1 | 0 |
_aNegocimi si teknikë parësore për zgjidhjen e konflikteve : _cVeton Latifi |
| 260 |
_aShkup : _bInstituti i Ohrit për Strategj Ekonomike dhe Marrëdhënie Ndërkombëtare ; _c2007 |
||
| 300 |
_a166 f. : _bme il. ; _c17 cm. |
||
| 500 | _aParathënie : f. 7-12 | ||
| 505 | _aBibliografi : f. 137-153 | ||
| 650 |
_aZgjedhja e problemeve _zOhër |
||
| 650 |
_aKonflikti social _zOhër |
||
| 942 |
_2udc _cBK |
||
| 999 |
_c217 _d217 |
||